Testing of metals / (Record no. 133536)
[ view plain ]
| 000 -LEADER | |
|---|---|
| fixed length control field | 00702nam a22002537a 4500 |
| 003 - CONTROL NUMBER IDENTIFIER | |
| control field | 0 |
| 005 - DATE AND TIME OF LATEST TRANSACTION | |
| control field | 20180709161613.0 |
| 008 - FIXED-LENGTH DATA ELEMENTS--GENERAL INFORMATION | |
| fixed length control field | 0 |
| 010 ## - LIBRARY OF CONGRESS CONTROL NUMBER | |
| LC control number | B-192122 |
| 020 ## - INTERNATIONAL STANDARD BOOK NUMBER | |
| Terms of availability | 00.00 |
| International Standard Book Number | 9780070581647 |
| 035 ## - SYSTEM CONTROL NUMBER | |
| System control number | B-192122, B-192123 |
| 037 ## - SOURCE OF ACQUISITION | |
| Source of stock number/acquisition | Cen Lib/Ret |
| 040 ## - CATALOGING SOURCE | |
| Original cataloging agency | DPL |
| Language of cataloging | EN |
| Transcribing agency | 0 |
| 082 ## - DEWEY DECIMAL CLASSIFICATION NUMBER | |
| Classification number | 669 |
| Item number | NAY |
| 100 ## - MAIN ENTRY--PERSONAL NAME | |
| Personal name | Nayar, Alok |
| 9 (RLIN) | 38206 |
| 245 ## - TITLE STATEMENT | |
| Title | Testing of metals / |
| Statement of responsibility, etc | by Alok Nayar |
| 260 ## - PUBLICATION, DISTRIBUTION, ETC. (IMPRINT) | |
| Name of publisher, distributor, etc | Tata McGraw-Hill |
| Place of publication, distribution, etc | New Delhi |
| Date of publication, distribution, etc | 2005 |
| 270 ## - ADDRESS | |
| City | New Delhi |
| Address | 7 West Patel Nagar |
| Postal code | 110008 |
| 300 ## - PHYSICAL DESCRIPTION | |
| Extent | xiii,202p. : |
| Dimensions | 25cm(Hb) |
| Other physical details | col.ill. |
| 500 ## - GENERAL NOTE | |
| General note | Includes index<br/> |
| 650 ## - SUBJECT ADDED ENTRY--TOPICAL TERM | |
| Topical term or geographic name as entry element | Metals -- Testing |
| 9 (RLIN) | 38207 |
| 650 ## - SUBJECT ADDED ENTRY--TOPICAL TERM | |
| Topical term or geographic name as entry element | Hardness -- Testing |
| 9 (RLIN) | 38208 |
| 942 ## - ADDED ENTRY ELEMENTS (KOHA) | |
| Source of classification or shelving scheme | Dewey Decimal Classification |
| Koha item type | English Books |
| Classification part | 669 |
| Call number suffix | NAY |
| Withdrawn status | Lost status | Damaged status | Not for loan | Home library | Current library | Date acquired | Source of acquisition | Cost, normal purchase price | Total Checkouts | Full call number | Barcode | Date last seen | Copy number | Cost, replacement price | Price effective from | Koha item type | Source of classification or shelving scheme | Collection code |
|---|---|---|---|---|---|---|---|---|---|---|---|---|---|---|---|---|---|---|
| Central Library | Central Library | 27/07/2015 | Cen Lib/Ret | 0.00 | 669 NAY | B-192122 | 27/07/2015 | 1 | 0.00 | 27/07/2015 | English Books | |||||||
| Patel Nagar | Patel Nagar | 09/07/2018 | BPPD/PUB | 0.00 | 669 NAY | B-192123 | 09/07/2018 | 0.00 | 09/07/2018 | English Books | Dewey Decimal Classification | Non-fiction | ||||||
| Sarojini Nagar | Sarojini Nagar | 11/04/2019 | 669 NAY | B-192124 | 11/04/2019 | 11/04/2019 | English Books | Dewey Decimal Classification | Non-fiction |
